000 00680nam a2200205 a 4500
001 0105
005 20140414131914.0
008 040728s19uu xx 00 eng d
020 _a0-590-97212-X
050 _aER
_bG59 2000
100 _aLondon, Sara
245 _aGood luck glasses (The) /
_cby Sara London ; illustrated by Jacqueline Rogers.
260 _aNew York :
_bScholastic,
_c2000.
300 _a1 v. : ill. ; cm.
440 _aHello reader! Level 3
500 _a"Cartwheel books"
520 _aSeven-year old Nomi decides that she is the lucky when the new glasses she gets help her see things more clearly.
650 _aEyeglasses
_xFiction.
999 _c111362
_d111362